| 000 | 00384nam a2200157Ia 4500 | ||
|---|---|---|---|
| 008 | 210716s1993 xx 000 0 und d | ||
| 020 | _a812030814X | ||
| 041 | _aeng | ||
| 082 | _a005.1331 BERJ | ||
| 100 | _aBerry, John Thomas. | ||
| 245 | _aC++ programming. | ||
| 250 | _a2 | ||
| 260 |
_aNew Delhi _bPHI Learning Pvt Ltd _c1993 |
||
| 300 | _axvii,408 | ||
| 650 | _aC++ Progamming | ||
| 999 |
_c182865 _d182865 |
||